000 00758nam a2200229Ia 4500
003 GCL
008 140319s9999 xx 000 0 ara d
040 _aGCL /
_cGCL
082 0 4 _a029.5
_bم م
100 1 _aمحمد فتحى عبدالهادى
245 1 0 _aالمكانز كأدوات للتكشيف واسترجاع المعلومات /
_cمحمد فتحى عبدالهادى
260 _aالقاهرة :
_bمكتبة غريب ،
_c1989
300 _a167 ص ؛
_c24 سم
490 _a
650 0 4 _aنظم المعلومات
650 0 4 _aاختزان واسترجاع المعلومات
650 0 4 _aروؤس الموضوعات
650 0 4 _aالتكشيف
650 0 4 _aالكشافات
650 0 4 _aالمكانز
942 _2ddc
_cBK
999 _c39623
_d39623